[Event "Mephisto Cup (40/120')"]
[Site "?"]
[Date "2014.??.??"]
[Round "2"]
[White "Mephisto ARM2, RISC 2.0."]
[Black "Saitek Sparc, Renaissance"]
[Result "1-0"]
[WhiteElo "2241"]
[BlackElo "2246"]
[Annotator "xchessg"]
[PlyCount "103"]
[SourceDate "2009.11.09"]

1. e4 e5 2. Nf3 Nc6 3. Bb5 f5 4. d3 fxe4 5. dxe4 Nf6 6. O-O d6 7. Nc3 Be7 8.
Qd3 Bg4 9. Qc4 {[%eval 21,0] *Grossbuch;} Bxf3 10. gxf3 Nd7 {[%emt 0:00:50]
*Buch;} 11. Bxc6 bxc6 12. Qxc6 {a tempo} O-O 13. Be3 Rxf3 14. Nd5 {a tempo} Rb8
15. Nxe7+ {[%eval 45,0]} Qxe7 {[%emt 0:00:19]} 16. Qxc7 Qe6 {a tempo} 17. Kh1
Rxb2 18. Rfd1 {a tempo} Rf6 19. Qc3 Rxa2 20. Rxa2 {[%eval 18,0]} Qxa2 {[%emt 0:
00:05] a tempo;} 21. Ra1 Qe6 {a tempo} 22. Rxa7 Qh3 23. Qc4+ {a tempo} Kh8 24.
Ra8+ {a tempo} Rf8 25. Rxf8+ {a tempo} Nxf8 {[%eval -14,0] a tempo;} 26. Qd3
Ng6 27. Bc1 Qh4 28. Qf3 Qe7 29. Kg1 h6 30. Qf5 {[%eval 20,0]} Nh4 {-0:36} 31.
Qg4 Kh7 32. Bd2 Ng6 33. Qf5 Qd8 34. h3 Qe8 35. Bb4 {[%eval 51,0]} Qa4 {[%emt 0:
00:09]} 36. Bxd6 Qd4 {a tempo} 37. Bc7 Qc3 38. h4 {a tempo} Qxc7 39. h5 {a
tempo} Qd6 40. Kh2 {[%eval 133,0]} Qf6 {0:69} 41. hxg6+ Qxg6 {a tempo} 42. Qxe5
Qg4 {a tempo} 43. Qf5+ {[%eval 145,0]} Qxf5 {1:96} 44. exf5 {a tempo} Kg8 45.
Kg3 Kf7 {a tempo} 46. Kf4 Ke7 47. Ke5 h5 48. Ke4 Kf6 49. Kf4 h4 50. Kg4 {
[%eval 174,0]} h3 {2:97} 51. Kxh3 Kxf5 {[%emt 0:03:08]} 52. Kh4 {[%eval 514,0]}
1-0

[Event "Mephisto Cup (40/120')"]
[Site "?"]
[Date "2013.??.??"]
[Round "3"]
[White "Saitek Sparc, Renaissance"]
[Black "Mephisto ARM2, RISC 2.0."]
[Result "0-1"]
[WhiteElo "2246"]
[BlackElo "2241"]
[Annotator "xchessg"]
[PlyCount "96"]
[SourceDate "2009.11.09"]

1. c4 c6 2. d4 d5 3. cxd5 cxd5 4. Nc3 Nf6 5. Nf3 Nc6 6. Bf4 Bf5 7. Qb3 Na5 {
[%eval 6,0] *Grossbuch;} 8. Qa4+ Bd7 9. Qc2 {[%eval -2,0] *Buch;} Rc8 10. Ne5 {
a tempo} e6 11. e3 Ne4 {a tempo} 12. a3 Be7 {a tempo} 13. Bd3 f5 14. Nxd7 Qxd7
15. O-O {[%eval -19,0]} O-O {[%eval 26,0]} 16. Bxe4 fxe4 17. b4 Nc4 18. Rfc1
Bf6 19. Bg3 e5 20. dxe5 {[%eval -39,0]} Nxe5 {[%eval 33,0] a tempo;} 21. Qb3
Nd3 22. Rc2 Rc4 23. Rd1 {a tempo} b5 24. Nxe4 {a tempo} dxe4 25. Rxc4 bxc4 26.
Qxc4+ Kh8 27. Qxe4 Rd8 28. Qc4 {a tempo} Rc8 29. Qa6 {a tempo} Rc1 30. Rxc1
Nxc1 {[%eval 89,0]} 31. h4 {[%eval -16,0]} Nd3 32. Qc4 g6 33. Bb8 Ne5 34. Qc5
Qd1+ 35. Kh2 {[%eval 18,0] a tempo;} Ng4+ {[%eval 102,0]} 36. Kg3 h5 37. Qf8+
Kh7 38. Qf7+ Bg7 {a tempo} 39. Bxa7 Nh6 {a tempo} 40. Qc7 {[%eval 1,0]} Qh1 {
[%eval 160,0]} 41. f3 Nf5+ 42. Kf2 {a tempo} Qxh4+ 43. Kf1 Qh1+ 44. Kf2 h4 45.
b5 Qd1 46. Qf4 Qc1 {[%eval 309,0]} 47. Qa4 {[%eval -394,0]} Bf6 {[%eval 658,0]}
48. Qb3 {[%eval -751,0]} Qd2+ {[%emt 0:00:09] Matt in} 0-1

[Event "Mephisto Cup (40/120')"]
[Site "?"]
[Date "2013.??.??"]
[Round "4"]
[White "Mephisto ARM2, RISC 2.0."]
[Black "Saitek Sparc, Renaissance"]
[Result "1/2-1/2"]
[WhiteElo "2241"]
[BlackElo "2246"]
[Annotator "xchessg"]
[PlyCount "181"]
[SourceDate "2009.11.09"]

1. c4 e5 {Stufe e7} 2. Nc3 Nf6 3. Nf3 Nc6 4. g3 d5 5. cxd5 Nxd5 6. Bg2 Be6 7.
O-O Nb6 8. d3 {[%eval -2,0] *Grossbuch;} Be7 {[%eval -8,0] *Buch;} 9. Be3 O-O
10. d4 {a tempo} exd4 11. Nxd4 Nxd4 12. Qxd4 Qxd4 13. Bxd4 {a tempo} Rad8 14.
Rad1 c6 15. b3 Rfe8 16. e4 Rd7 17. Be3 Bd6 18. f4 f6 19. Kf2 Red8 20. Ne2 {
[%eval 11,0]} Bg4 21. h3 Be6 22. Rd3 c5 23. Rb1 c4 24. Rdd1 g6 25. Kf3 {[%eval
9,0]} Kh8 {[%eval -59,0]} 26. Rd2 Bf7 27. Bxb6 axb6 {a tempo} 28. Rbd1 cxb3 29.
axb3 Bxb3 {a tempo} 30. Rb1 Bc4 {a tempo} 31. Rbd1 Be6 32. Nc3 {a tempo} Bb4
33. Rxd7 Bxd7 {a tempo} 34. Nd5 Bc5 {a tempo} 35. g4 {[%eval -43,0]} Ba4 {
[%eval -139,0]} 36. Rd2 Bc6 37. h4 Kg7 38. Kg3 {a tempo} b5 39. Rd3 h6 40. h5 {
[%eval -57,0]} gxh5 41. gxh5 Kf7 42. Rc3 Bd6 43. Bh3 b4 44. Rc2 Ra8 45. Bf5 {
a tempo} Ra3+ 46. Kg4 Bxd5 47. exd5 Rc3 48. Re2 {a tempo} Rc4 49. Bg6+ Kg7 50.
Kf5 {[%eval -42,0]} Rd4 {[%eval -133,0]} 51. Ke6 Bxf4 52. Bf5 {a tempo} b3 53.
Rg2+ Kf8 {a tempo} 54. Bh7 $1 Bg5 55. Rg3 $1 {[%eval -72,0]} Rb4 {[%eval -173,
0]} 56. Rc3 {[%eval 0,0]} Rb6+ {[%eval -27,0]} 57. d6 {a tempo} Rc6 58. Rxb3
Bf4 {a tempo} 59. Rd3 $2 {a tempo} (59. Kf5 Bxd6 60. Rxb7 $11) 59... b5 60. Be4
{[%eval 27,0]} Rb6 {[%eval -74,0] a tempo;} 61. Kd7 b4 $19 62. Rd4 b3 63. Rd1
Be5 64. Bb1 Ra6 65. Bg6 {[%eval 0,0]} b2 {[%eval -89,0]} 66. Bb1 {a tempo} Bh2
67. Rd2 Bg3 68. Rd1 Be5 69. Bg6 Ra1 70. Bb1 {[%eval 0,0]} Kf7 {[%eval -88,0]}
71. Bg6+ Kg7 72. Bb1 Ra3 73. Ke6 Re3 74. Rh1 {a tempo} Kf8 75. d7 {[%eval -36,
0]} Bc3+ 76. Kf5 Re5+ 77. Kg6 Rd5 {a tempo} 78. Kxh6 Rxd7 79. Kg6 Rg7+ 80. Kf5
Rg5+ {a tempo} 81. Ke4 f5+ {a tempo} 82. Kf4 Bd2+ 83. Ke5 {a tempo} Kg7 84. h6+
Kh7 {a tempo} 85. Ke6 Bf4 {a tempo} 86. Ke7 Be3 87. Kf6 {a tempo} Bc1 88. Rh3
Rg6+ 89. Kxf5 Rxh6 {[%eval -157,0]} 90. Ke5+ {[%eval -40,0]} Kg7 {a tempo} 91.
Rxh6 {[%eval -38,0]} 1/2-1/2

[Event "Mephisto Cup (40/120')"]
[Site "?"]
[Date "2013.??.??"]
[Round "5"]
[White "Saitek Sparc, Renaissance"]
[Black "Mephisto ARM2, RISC 2.0."]
[Result "0-1"]
[WhiteElo "2246"]
[BlackElo "2241"]
[Annotator "xchessg"]
[PlyCount "99"]
[SourceDate "2009.11.09"]

{Stufe e7} 1. e4 e5 2. Bc4 Nf6 3. Nf3 Nc6 4. d4 exd4 5. O-O Nxe4 6. Re1 d5 7.
Bxd5 Qxd5 8. Nc3 Qa5 9. Nxe4 Be6 10. Neg5 O-O-O 11. Nxe6 fxe6 12. Rxe6 Bd6 13.
Bg5 Rdf8 {[%eval 4,0] *Grossbuch;} 14. Qe2 Qb4 15. b3 {[%eval 7,0] *Buch;} Qa3
16. Qc4 h6 17. Bd2 Qb2 18. Rae1 Kb8 19. a4 Rd8 {a tempo} 20. R6e4 {[%eval 69,0]
} Rhf8 {[%eval -27,0]} 21. R4e2 g5 22. h3 a6 {a tempo} 23. Kh1 Ka8 24. Nh2 Rf5
25. Qe6 {[%eval 26,0]} d3 {[%eval 21,0]} 26. Qxf5 dxe2 {a tempo} 27. Nf3 Nb4
28. Rxe2 Nxc2 29. Bxg5 {a tempo} Qa1+ 30. Ng1 {[%eval -19,0]} Rf8 {[%eval 0,0]}
31. Bf6 Rxf6 32. Re8+ Ka7 {a tempo} 33. Qxc2 Rf4 34. f3 Rd4 35. Re4 {[%eval 43,
0]} Rd1 {[%eval 60,0]} 36. Qf2+ b6 {a tempo} 37. Rc4 Bg3 {a tempo} 38. Qe3 Re1
39. Qd4 Qxd4 40. Rxd4 Bf2 {[%eval 218,0]} 41. Rd7 Kb7 42. Kh2 Bxg1+ 43. Kg3 Bc5
44. Rd3 Re3 45. Rxe3 Bxe3 46. f4 Kc6 47. Kf3 Bc1 48. f5 Kd5 49. Ke2 Bg5 50. Kd3
{[%eval -304,0]} 0-1

[Event "Mephisto Cup (40/120')"]
[Site "?"]
[Date "2013.??.??"]
[Round "6"]
[White "Mephisto ARM2, RISC 2.0."]
[Black "Saitek Sparc, Renaissance"]
[Result "1-0"]
[WhiteElo "2241"]
[BlackElo "2246"]
[Annotator "xchessg"]
[PlyCount "105"]
[SourceDate "2009.11.09"]

1. e4 e6 {Stufe f3} 2. d4 d5 3. Nd2 Nf6 4. e5 Nfd7 5. Bd3 c5 6. c3 Nc6 7. Ne2
cxd4 8. cxd4 f6 9. exf6 Nxf6 10. Nf3 Qc7 11. O-O {[%eval 18,0] *Grossbuch;} Bd6
12. Bg5 O-O 13. Rc1 Ng4 14. h3 Rxf3 15. hxg4 Rf7 16. Qc2 g6 {[%eval 3,0] Buch;}
17. Qb1 Qb6 18. Be3 Bd7 19. a3 {a tempo} Rc8 20. b4 a5 21. b5 Na7 {a tempo} 22.
a4 Re8 23. Bh6 Kh8 24. f4 Ba3 25. Rc3 {[%eval 27,0]} Bb4 {[%eval -26,0]} 26.
Rc2 {a tempo} (26. Bxg6 $1 hxg6 27. Qxg6 Bxc3 28. Qxf7 Bxd4+ 29. Kh2 $18) (26.
Rb3) 26... Nc8 27. Qc1 Bd6 28. Qe3 Qa7 29. Nc1 {a tempo} Ne7 30. Nb3 b6 {
[%eval -19,0]} 31. Rfc1 {[%eval 33,0]} Ng8 32. Bg5 Rb8 33. Nd2 Nf6 34. Qg3 Rg8
35. Nf3 {[%eval 122,0]} Rgf8 {[%eval 35,0]} 36. Ne5 Bxe5 {a tempo} 37. dxe5 Ne8
{a tempo} 38. Qe3 Ng7 39. Qh3 {a tempo} Kg8 40. g3 {[%eval 272,0]} Ne8 {[%eval
257,0]} 41. Rh2 Rg7 {a tempo} 42. Bh6 Rff7 43. Bxg7 Rxg7 44. g5 Nc7 45. Rhc2
Be8 46. Be2 Re7 47. Bg4 Qb7 {a tempo} 48. Kh2 Kh8 49. Qf1 Bf7 50. Qd3 Qb8 {
[%eval 427,0]} 51. Rc6 {[%eval 328,0]} Kg8 52. Qe3 Ne8 {[%eval 514,0]} 53. Qxb6
{[%eval 433,0]} 1-0

[Event "Mephisto Cup (40/120')"]
[Site "?"]
[Date "2013.??.??"]
[Round "7"]
[White "Saitek Sparc, Renaissance"]
[Black "Mephisto ARM2, RISC 2.0."]
[Result "1-0"]
[WhiteElo "2246"]
[BlackElo "2241"]
[Annotator "xchessg"]
[PlyCount "150"]
[SourceDate "2009.11.09"]

{Stufe f3} 1. d4 Nf6 2. c4 e6 3. Nc3 Bb4 4. Qc2 O-O 5. a3 Bxc3+ 6. Qxc3 b6 7.
Bg5 Bb7 8. Nh3 h6 {[%eval -5,0] *Grossbuch;} 9. Bh4 d6 10. f3 Nbd7 11. e4 c5
12. dxc5 bxc5 13. Bd3 d5 14. exd5 exd5 15. O-O-O d4 16. Qc2 Re8 {[%eval 35,0]}
17. Bf5 {[%eval -28,0] *Buch;} Qc7 18. Kb1 Bc6 19. Bg3 Qa5 20. Rhe1 Nh5 21. Bh4
Rab8 {a tempo} 22. Rxe8+ Rxe8 23. Ka2 g5 24. Bf2 Ng7 {a tempo} 25. Bh7+ {
[%eval -10,0]} Kh8 {[%eval 51,0]} 26. Bg3 Re3 27. Rd3 Re7 {a tempo} 28. Rd1 Ba4
{a tempo} 29. b3 {[%eval -123,0]} Bxb3+ {[%eval 139,0] a tempo;} 30. Kxb3 f5
31. f4 g4 32. Nf2 Kxh7 33. Nxg4 Kh8 34. Ne5 Nxe5 35. fxe5 {[%eval -57,0]} Nh5 {
[%eval 77,0]} 36. Qxf5 {[%eval 0,0]} Qc3+ {[%eval 61,0] a tempo;} 37. Ka2 Qxc4+
{a tempo} 38. Ka1 Qc3+ 39. Ka2 Ng7 {a tempo} 40. Qb1 {-0.53; Totalzeit 1.34.}
Qc4+ {0.49; Totalzeit 1.32} 41. Ka1 Rf7 42. Qg6 Qe6 43. Qxe6 Nxe6 44. Rc1 Rc7
45. Rf1 Kg7 46. Rf6 {a tempo} Ng5 47. Bf4 c4 48. h4 {[%eval 41,0]} Ne4 49.
Bxh6+ {a tempo} Kh7 50. Rf4 {[%eval 23,0] a tempo;} Nc5 {[%eval 115,0]} 51. Bg5
{a tempo} Ne6 52. Rf6 Re7 {[%eval 42,0]} 53. Rh6+ {[%eval 76,0]} Kg7 {[%eval
-12,0] a tempo;} 54. Bxe7 Kxh6 {a tempo} 55. g4 Kg6 {[%eval -40,0]} 56. Kb1 Kf7
57. Bd6 {a tempo} a6 58. Kc2 a5 {a tempo} 59. a4 Nf4 60. h5 Ne6 {[%eval -72,0]
a tempo;} 61. Kd1 d3 $5 62. Kd2 Ng5 {a tempo} 63. Bc7 Ne4+ 64. Ke1 {a tempo} (
64. Kd1 $5 Nc3+ 65. Ke1 Nxa4 66. Bxa5 $14) 64... c3 {[%eval 95,0]} 65. Bb6 {
[%eval -69,0] a tempo;} Ng5 $2 {[%eval 0,0]} (65... Nd2 $1 $13) 66. Kd1 Ne4 $6
(66... Nf3) 67. Be3 Ng3 68. h6 {[%eval 141,0]} Kg6 69. e6 Ne4 {[%eval -254,0]}
70. e7 Nd6 71. g5 {a tempo} Kh7 {[%eval -331,0]} 72. Bf4 Ne8 {[%eval -449,0]}
73. Be5 {a tempo} c2+ 74. Kd2 Kg6 75. Bf4 c1=Q+ {Aufgabe} 1-0

[Event "Mephisto Cup (40/120')"]
[Site "?"]
[Date "2013.??.??"]
[Round "8"]
[White "Mephisto ARM2, RISC 2.0."]
[Black "Saitek Sparc, Renaissance"]
[Result "0-1"]
[WhiteElo "2241"]
[BlackElo "2246"]
[Annotator "xchessg"]
[PlyCount "81"]
[SourceDate "2009.11.09"]

1. d4 Nf6 {Stufe f3} 2. c4 e6 3. g3 d5 4. Bg2 c5 5. Nf3 cxd4 6. Nxd4 e5 7. Nf3
d4 8. O-O Nc6 9. e3 d3 10. e4 Bg4 {[%eval -46,0] *Buch;} 11. Nc3 {[%eval -37,0]
*Grossbuch;} Nd4 12. Bg5 h6 13. Bxf6 Qxf6 {a tempo} 14. Qa4+ Qc6 {a tempo} 15.
Qxc6+ {[%eval 0,0]} Nxc6 {[%eval -4,0]} 16. Rad1 O-O-O 17. Nd5 f5 18. h3 Bh5
19. exf5 {a tempo} e4 20. Nd2 {[%eval 18,0] a tempo;} Bxd1 21. Rxd1 {a tempo}
Nb4 {[%eval -14,0]} 22. Bxe4 Nxa2 {a tempo} 23. Nf3 Nb4 24. Nd4 {a tempo} Bd6
25. Ne6 {[%eval 22,0]} Rd7 {[%eval 6,0] a tempo;} 26. Nxb4 Bxb4 {a tempo} 27.
Rxd3 Rxd3 {a tempo} 28. Bxd3 {a tempo} Be7 29. Nxg7 Bf6 30. Ne6 Bxb2 {[%eval
-68,0] a tempo;} 31. f4 {[%eval 52,0]} a5 32. g4 a4 33. Kg2 a3 34. Bb1 Rh7 {a
tempo} 35. g5 {[%eval 59,0]} Rd7 {[%eval -78,0]} 36. f6 b6 {a tempo} 37. c5
hxg5 38. fxg5 b5 39. c6 Rd2+ {a tempo; 0.00 Time control - I Lose} 40. Kf3 a2 {
[%eval 145,0] a tempo;} 41. Bxa2 {[%eval 403,0]} 0-1

[Event "Mephisto Cup (40/120')"]
[Site "?"]
[Date "2013.??.??"]
[Round "9"]
[White "Saitek Sparc, Renaissance"]
[Black "Mephisto ARM2, RISC 2.0."]
[Result "1-0"]
[WhiteElo "2246"]
[BlackElo "2241"]
[Annotator "xchessg"]
[PlyCount "92"]
[SourceDate "2009.11.09"]

{Stufe f3} 1. e4 c5 2. Nf3 Nc6 3. d4 cxd4 4. Nxd4 e5 5. Nb5 a6 6. Nd6+ Bxd6 7.
Qxd6 Qf6 8. Qc7 Nge7 9. Nc3 Nb4 10. Bd3 d5 11. O-O d4 {[%eval -11,0]
*Grossbuch;} 12. Na4 Qc6 13. Qxc6+ Nexc6 14. Nb6 Rb8 15. f4 Nxd3 16. cxd3 Bg4 {
[%eval 33,0]} 17. fxe5 {[%eval 0,0] *Buch;} Be2 18. Bf4 {a tempo} Bxf1 19. Rxf1
Ke7 {a tempo} 20. e6 fxe6 {a tempo} 21. Bxb8 {[%eval 1,0]} Rxb8 {[%eval 35,0]
a tempo;} 22. Rc1 Rf8 23. a4 g5 24. Rc5 h6 25. b3 {[%eval -12,0]} Kd6 {[%eval
30,0]} 26. Rc4 Ne5 27. Nc8+ {[%eval 0,0]} Rxc8 {[%eval 41,0]} 28. Rxc8 {[%eval
70,0] a tempo;} Nxd3 29. Rh8 Nc5 30. Rxh6 {[%eval 47,0]} Nxe4 {[%eval 39,0]}
31. Rh7 b5 32. Ra7 Nc5 33. axb5 axb5 34. Rg7 Nxb3 35. Rxg5 {[%eval 105,0]} Nc5
36. h4 b4 37. Rg8 e5 38. Rb8 Nd7 {[%eval -30,0]} 39. Rxb4 Kc5 40. Ra4 {[%eval
250,0]} e4 41. Kf2 {a tempo} e3+ {[%eval -74,0]} 42. Ke2 Kd5 43. h5 {a tempo}
Ke4 44. h6 {a tempo} Nf8 45. Ke1 Ke5 46. Ra8 Nh7 {[%eval -302,0]} 1-0

[Event "Mephisto Cup (40/120')"]
[Site "?"]
[Date "2013.??.??"]
[Round "10"]
[White "Mephisto ARM2, RISC 2.0."]
[Black "Saitek Sparc, Renaissance"]
[Result "0-1"]
[WhiteElo "2241"]
[BlackElo "2246"]
[Annotator "xchessg"]
[PlyCount "107"]
[SourceDate "2009.11.09"]

1. e4 e5 2. Nf3 Nc6 3. Bc4 Bc5 4. d3 Nf6 5. c3 d6 6. b4 Bb6 7. a4 a6 8. O-O O-O
9. a5 Ba7 10. h3 d5 11. exd5 Nxd5 12. Qb3 Be6 13. Ng5 Nf4 14. Bxf4 Bxc4 15.
Qxc4 exf4 16. Qxf4 h6 17. Nf3 Qxd3 18. Ra2 Rac8 19. Rd2 Qg6 20. Rfd1 Rfe8 21.
Na3 Re4 22. Qh2 Qf6 23. Nb1 Ne5 24. Nxe5 Rxe5 25. Qg3 Rce8 26. Kh2 Re4 27. f3
Be3 28. fxe4 Bf4 29. Re2 Bxg3+ 30. Kxg3 c5 31. Kh2 cxb4 32. cxb4 Qe7 33. Rd5
Qxb4 34. Nd2 b5 35. axb6 Qxb6 36. Nf3 Qc6 37. Rd4 a5 38. e5 Rc8 39. Red2 Qb5
40. Rd5 Qa6 41. Rd6 Qc4 42. R6d4 Qe6 43. Rb2 Rc4 44. Rd8+ Kh7 45. Rbd2 a4 {
[%eval -305,0]} 46. Rd1 a3 47. Ra8 Rc3 48. Rdd8 {a tempo} a2 49. Rh8+ Kg6 {a
tempo} 50. Rhd8 Rc6 {a tempo} 51. Nh4+ Kh5 52. Nf3 {[%eval -286,0]} Rc2 {a
tempo} 53. Ra3 Qb6 {[%eval -464,0]} 54. Ne1 {I resign} 0-1

[Event "Mephisto Cup (40/120')"]
[Site "?"]
[Date "2011.??.??"]
[Round "1"]
[White "Saitek Sparc, Renaissance"]
[Black "Mephisto 68030, London"]
[Result "1/2-1/2"]
[WhiteElo "2246"]
[BlackElo "2270"]
[Annotator "xchessg"]
[PlyCount "70"]
[SourceDate "2009.11.09"]

1. d4 c5 {[%eval 50,0] Stil Riskant; Bauern 70%, Figuren 80%, Contempt} 2. d5
Nf6 {[%eval 27,0] * Modern} 3. c4 e6 {bib} 4. Nc3 exd5 5. cxd5 d6 6. e4 g6 7.
f4 Bg7 {[%eval 9,0] *Modern} 8. Nf3 O-O 9. Be2 Re8 10. O-O Nxe4 11. Nxe4 Rxe4
12. Bd3 Re8 13. f5 Nd7 {[%eval 130,0]} 14. Ng5 Bxb2 15. Nxf7 {*-1.42} Bd4+ 16.
Kh1 Kxf7 17. fxg6+ Kg8 {[%eval 0,0]} 18. gxh7+ $2 {[%eval -147,0] nach 5'47"} (
18. Qh5 $40) 18... Kh8 {[%eval 175,0]} 19. Rb1 Ne5 20. Bb2 {[%eval -196,0]}
Bxb2 21. Rxb2 Rf8 22. Be4 Ng4 (22... Bg4 $17) 23. Rb3 Nf2+ 24. Rxf2 Rxf2 25.
Rg3 Bd7 $2 (25... Bg4 26. Rxg4 Qf6 $19) 26. Rg8+ Qxg8 27. hxg8=Q+ Kxg8 28. h4 {
[%eval -86,0]} Kf8 {[%eval 66,0]} 29. Qh5 Rf1+ 30. Kh2 Ke7 {[%eval 0,0]} 31.
Qg5+ {[%eval 0,0]} Rf6 32. Qg7+ Rf7 33. Qg5+ Rf6 34. Qg7+ $2 (34. h5 $18 {
Junior}) 34... Rf7 35. Qg5+ $2 (35. Qg3 $142 {Junior} Rf6 36. h5 $16) 35... Rf6
1/2-1/2

[Event "Mephisto Cup (40/120')"]
[Site "?"]
[Date "2011.??.??"]
[Round "2"]
[White "Mephisto 68030, London"]
[Black "Saitek Sparc, Renaissance"]
[Result "0-1"]
[WhiteElo "2270"]
[BlackElo "2246"]
[Annotator "xchessg"]
[PlyCount "163"]
[SourceDate "2009.11.09"]

{Stil Riskant, Bauern 70%; Figuren 80%, Contempt} 1. c4 e6 2. Nc3 d5 3. d4 Nf6
4. Bg5 c6 5. e3 Nbd7 6. Nf3 Qa5 7. Nd2 Bb4 8. Qc2 O-O 9. Be2 e5 10. O-O {
[%eval 96,0] * Modern;} exd4 11. Nb3 Qb6 12. exd4 Qc7 13. cxd5 cxd5 14. Rac1
Bxc3 15. Qxc3 Qxc3 16. bxc3 h6 17. Bf4 b6 18. Bd3 {[%eval 100,0]} Bb7 {[%eval
42,0] *Turnierbuch;} 19. Rfe1 Rfe8 20. f3 Rac8 21. Rxe8+ Rxe8 22. Bd2 Nb8 23.
Re1 {[%eval 60,0]} Rxe1+ {[%eval 29,0]} 24. Bxe1 Ba6 25. Bxa6 Nxa6 26. Bg3 Ne8
27. Nd2 Kf8 28. c4 dxc4 29. Nxc4 Nb4 30. a4 Nd5 31. Kf2 {[%eval 21,0]} a6 {
[%eval -13,0]} 32. Ne3 Nc3 {[%eval -91,0]} 33. a5 {[%eval -9,0]} bxa5 34. d5
Nf6 35. d6 Nd7 36. Ke1 a4 37. Kd2 Nb5 38. Kc2 h5 39. h4 Nb6 40. Be5 {[%eval
-33,0]} f6 {[%eval -129,0]} 41. Bf4 {[%eval -87,0]} Kf7 42. Nf5 Nd7 43. Kb1
Nc3+ 44. Kc2 Nd5 45. Bc1 {[%eval -9,0]} g6 46. Nd4 Ne5 {[%eval -163,0]} 47. g3
{[%eval -103,0]} Ke8 48. f4 Nc4 49. f5 Nce3+ 50. Kd3 Nxf5 {[%eval -130,0]} 51.
Nxf5 {[%eval 0,0]} gxf5 52. Kc4 Nb6+ 53. Kc5 Nc8 54. Kc6 Na7+ {[%eval -76,0]}
55. Kc7 Nb5+ 56. Kc6 Nd4+ 57. Kc7 Ne6+ 58. Kc8 {[%eval 30,0]} Nc5 59. Ba3 Nd7
60. Kc7 Nf8 {[%eval -28,0]} 61. Bb2 a5 62. Bc1 Ne6+ 63. Kc8 Nc5 64. Ba3 Nd7 65.
Kc7 Ne5 66. Bb2 Nd7 67. Kc6 $2 {[%eval 0,0]} Kd8 68. Kd5 Nf8 {[%eval -3,0]} 69.
Bxf6+ Kd7 70. Bb2 {[%eval 0,0] a Tempo;} Ng6 {[%eval -99,0]} 71. Bc1 f4 72.
gxf4 Nxh4 73. Ke4 {[%eval -75,0]} Ng2 74. f5 Kxd6 75. Ba3+ Kd7 76. Bb2 {[%eval
-172,0]} h4 77. Kf3 Ne1+ {[%eval -226,0]} 78. Kg4 {[%eval -228,0]} Nc2 79. Kxh4
a3 {[%eval -672,0]} 80. Bc3 {[%eval -178,0]} a2 81. Kg5 {[%eval -160,0]} a1=Q
82. Bxa1 {[%eval -418,0]} 0-1

[Event "Mephisto Cup (40/120')"]
[Site "?"]
[Date "2011.??.??"]
[Round "3"]
[White "Saitek Sparc, Renaissance"]
[Black "Mephisto 68030, London"]
[Result "0-1"]
[WhiteElo "2246"]
[BlackElo "2270"]
[Annotator "xchessg"]
[PlyCount "121"]
[SourceDate "2009.11.09"]

1. d4 Nf6 2. c4 g6 3. Nc3 Bg7 4. e4 d6 5. Nf3 O-O 6. Be2 e5 7. dxe5 dxe5 8.
Qxd8 Rxd8 9. Bg5 Re8 10. Nd5 Nxd5 11. cxd5 c6 12. Bc4 cxd5 13. Bxd5 Na6 14.
O-O-O Nb4 {[%eval 9,0] *Modern;} 15. Bb3 Bg4 16. Kb1 {[%eval 1,0] *Turnier;} a5
17. h3 Bxf3 18. gxf3 a4 19. Bc4 Rec8 20. Rc1 {[%eval 22,0]} Nc6 {[%eval -18,0]}
21. Bd5 Bf8 22. Bxc6 Rxc6 23. Rxc6 bxc6 24. Rc1 c5 25. Be3 {[%eval 94,0]} Rb8 {
[%eval -27,0]} 26. Bxc5 Rd8 {[%eval -60,0]} 27. Be3 f5 28. exf5 gxf5 29. Rc4 a3
30. b4 {[%eval 144,0]} f4 {[%eval -75,0]} 31. Bc5 Rd2 32. Rc3 Rb2+ 33. Ka1 Rd2
34. Rxa3 Bxc5 35. bxc5 {[%eval 158,0]} Rc2 {[%eval -75,0]} 36. Kb1 Rxc5 37.
Ra8+ Kf7 38. Kb2 Rc6 39. Ra5 Rb6+ 40. Kc3 {[%eval 119,0]} Kf6 {[%eval -33,0]}
41. Ra7 Rb1 {[%eval 0,0]} 42. a4 {[%eval 44,0]} Rf1 43. Rd7 Rxf2 44. Rd3 {
[%eval -9,0]} e4 {[%eval 18,0]} 45. fxe4 Ke5 46. Rd5+ Kxe4 47. Rh5 f3 48. Rh4+
Ke3 49. Rxh7 Ra2 50. Re7+ {[%eval 3,0]} Kf4 {[%eval 112,0]} 51. Rg7 f2 52. Rf7+
Kg3 53. Rg7+ {[%eval -268,0]} Kxh3 {[%eval 287,0]} 54. Rh7+ Kg2 55. Rg7+ Kf3
56. Rf7+ Ke2 57. Re7+ Kf1 58. a5 Rxa5 59. Rg7 Ke2 60. Re7+ Kf3 61. Rh7 0-1

[Event "Mephisto Cup (40/120')"]
[Site "?"]
[Date "2011.??.??"]
[Round "4"]
[White "Mephisto 68030, London"]
[Black "Saitek Sparc, Renaissance"]
[Result "1-0"]
[WhiteElo "2270"]
[BlackElo "2246"]
[Annotator "xchessg"]
[PlyCount "130"]
[SourceDate "2009.11.09"]

{Stil riskant, Bauer 70%, Figuren 80%, Contempt} 1. c4 e5 2. Nc3 Nf6 3. Nf3 Nc6
4. g3 d5 5. cxd5 Nxd5 6. d3 Be7 7. Bg2 {[%eval 15,0] * Modern;} Be6 8. O-O O-O
9. d4 exd4 10. Nb5 d3 11. Qxd3 Ndb4 12. Qb1 Bf6 13. a3 {[%eval 48,0]} Na6 {
[%eval 1,0] *} 14. Qc2 Re8 15. Bf4 {[%eval 63,0]} Qd5 {[%eval 5,0]} 16. Nc3 Qb3
17. Qxb3 Bxb3 18. Nd2 Bxc3 19. bxc3 Ba4 20. Rab1 {[%eval 90,0]} Rab8 {[%eval
53,0]} 21. Rfe1 b6 22. Bd5 Rbd8 23. e4 Ne5 24. Bxe5 Rxe5 25. Nf3 {[%eval 18,0]}
Ree8 26. Nd4 Nc5 27. Re2 Rd6 28. f3 c6 29. Bc4 Re5 30. Kf2 {[%eval 48,0]} Rd8 {
[%eval -30,0]} 31. Reb2 Re7 32. Kg2 Kh8 33. Rb4 Rdd7 34. Be2 g6 35. R1b2 {
[%eval 54,0]} f6 {[%eval -27,0]} 36. Bf1 Rd6 37. Rd2 Red7 38. Ra2 Rd8 39. Kf2
b5 40. Rb1 {[%eval 3,0]} a6 {[%eval -56,0]} 41. Rab2 Nd7 42. Be2 c5 43. Nb3 c4
44. Nd4 Nc5 {[%eval -94,0]} 45. Ke3 {[%eval -27,0]} Nb3 46. Rd1 a5 47. Nxb3
cxb3 48. Rd4 Rxd4 49. cxd4 {[%eval 27,0]} Rb8 {[%eval -4,0]} 50. Kd2 b4 51.
axb4 Rxb4 52. Kc3 Rb7 53. Bc4 Rc7 54. Kd3 Rb7 55. f4 Kg7 56. e5 h6 57. d5 Rb8
58. d6 fxe5 59. fxe5 g5 60. Kc3 {[%eval 193,0]} Rc8 {[%eval 71,0]} 61. Kd4 Rb8
62. e6 Kf6 63. Rf2+ Kg6 64. Kc3 Kg7 65. d7 {[%eval 363,0]} Bxd7 {[%eval 338,0]}
1-0